Statistics for AFL BEST 50 PLAYERS 2022

Click here to take the quiz!

General Stats

  • This quiz has been taken 277 times
  • The average score is 20 of 50

Answer Stats

HintAnswer% Correct
1Cripps
86%
8Oliver
82%
6Gawn
77%
5Petracca
77%
2Neale
76%
3Brayshaw
71%
14Bontempelli
65%
7Miller
64%
11Walsh
60%
44Daicos
54%
46Daicos
54%
30Dangerfield
53%
40Laird
47%
15Mcrae
46%
32May
44%
9Smith
43%
16Parish
42%
10Steele
42%
33Boak
41%
18Pendlebury
41%
38Kelly
39%
12McKay
39%
12Mills
39%
22Mitchell
38%
25Stewart
38%
28Sicily
35%
31Bolton
34%
19Greene
34%
13Heeney
34%
27Moore
34%
47Walker
33%
17De Goey
32%
20Crisp
31%
23Mcluggage
30%
4Keays
28%
49Rozee
26%
49English
23%
34Adams
21%
37Butters
21%
50Darcy
21%
48Kennedy
21%
44Lyons
21%
16Taranto
21%
45Weitering
20%
49Ginnivan
18%
29Hewett
18%
35Dale
17%
21McGovern
15%
24Short
12%
26Howe
9%

Score Distribution

Percentile by Number Answered

Percent of People with Each Score

Your Score History

You have not taken this quiz